Metallica Lyrics – #32: To Live is to Die - Statistics

General Stats
  • This quiz has been taken 11 times
  • The average score is 30 of 38
Answer Stats
Answer % Correct
a
90%
man
90%
men
90%
to
90%
When
90%
any
80%
are
80%
bear
80%
cannot
80%
Cannot
80%
he
80%
home?
80%
I
80%
kingdom
80%
lies,
80%
lives
80%
longer
80%
me
80%
murders
80%
of
80%
of
80%
part
80%
salvation
80%
take
80%
the
80%
the
80%
the
80%
their
80%
These
80%
this
80%
world
80%
All
70%
pale
70%
which
70%
witness
70%
deaths
60%
some
60%
miscall
40%
No matching quizzes found
Score Distribution
Percent of People with Each Score
Percentile by Number Answered
Your Score History
You have not taken this quiz